Preparando el regreso a lo real : Introducción a cinco pensadores existencialistas (Kierkegaard, Nietzsche, Sartre, Camus, Jaspers)
Furkejuvvon:
| Váldodahkki: | |
|---|---|
| Materiálatiipa: | Girji |
| Giella: | Undetermined |
| Almmustuhtton: |
San José, Costa Rica
EUNED
1999
|
| Fáttát: | |
| Fáddágilkorat: |
Lasit fáddágilkoriid
Eai fáddágilkorat, Lasit vuosttaš fáddágilkora!
|
MARC
| LEADER | 00000nam a2200000Ia 4500 | ||
|---|---|---|---|
| 008 | 170316s9999 xx 000 0 und d | ||
| 090 | |a 100 R-6.1p | ||
| 100 | |a Ramírez Ramírez, Celedonio | ||
| 245 | |a Preparando el regreso a lo real : Introducción a cinco pensadores existencialistas (Kierkegaard, Nietzsche, Sartre, Camus, Jaspers) | ||
| 260 | |a San José, Costa Rica | ||
| 260 | |b EUNED | ||
| 260 | |c 1999 | ||
| 300 | |a 356 páginas | ||
| 650 | |a FILOSOFÍA | ||
| 650 | |a EXISTENCIALISMO | ||
| 999 | |c 17519 |d 17519 | ||
| 040 | |a cru BVZT | ||
| 942 | |c 15 D |h 100 R-6.1p |2 z | ||
